|
|
|
|
| LEADER |
00731cam a2200169 7i4500 |
| 001 |
0000026552 |
| 005 |
20090326090000.0 |
| 008 |
090326 eng |
| 090 |
0 |
0 |
|a PE69
|b .L66 2005
|
| 110 |
2 |
|
|a London School of Hygiene & Tropical Medicine
|
| 245 |
1 |
0 |
|a London School of Hygiene & Tropical Medicine :
|b Prospectus 2005 - 06
|c London School of Hygiene & Tropical Medicine.
|
| 260 |
|
|
|a London:
|b London School of Hygiene & Tropical Medicine,
|c 2005- 06.
|
| 300 |
|
|
|a 115 p.:
|b ill., col.;
|c 18 cm.
|
| 610 |
2 |
|
|a London School of Hygiene & Tropical Medicine
|
| 650 |
0 |
0 |
|a Education, Higher --
|z London
|
| 650 |
0 |
0 |
|a Universities and colleges --
|z London
|
| 999 |
|
|
|a PRO0000006
|b PROSPECTUS
|c PROSPECTUS
|e 1st Floor, Bestari Jaya
|